000 01063nam a2200229Ia 4500
001 L530-25998
003 IT-CnALBA
008 170116s9999||||xx |||||||||||||| ||und||
040 _aIT-CnALBA
_cIT-CnALBA
041 _aITALIANO
100 _aROITI ANTONIO, PROF.
245 0 _aNOZIONI DI FISICA. PARTE III: ELETTRICITA' E MAGNETISMO.
250 _a7a ed.
260 _aFIRENZE
_bLE MONNIER FELICE E SUCCESSORI
_c1924 [1° Ed.: n.d.]
300 _a234 p.
500 _aELETTRICITA' E MAGNETISMO. AMPEROMETRI. BUSSOLE. CAMPANELLI ELETTRICI. MADAME CURIE E LA RADIOATTIVITÀ. ELETTROMOTORI. FARADAY. GALILEO FERRARIS. MARCONI: TELEGRAFIASENZA FILO. MICROFONO...
501 _aSocietà San Paolo EM - Piazza San Paolo, 14 - 12051 ALBA (CN) (non commercial uses only) ® Copyright 2017
520 _aELETTRICITA' E MAGNETISMO. AMPEROMETRI. BUSSOLE. CAMPANELLI ELETTRICI. MADAME CURIE E LA RADIOATTIVITÀ. ELETTROMOTORI. FARADAY. GALILEO FERRARIS. MARCONI: TELEGRAFIASENZA FILO. MICROFONO...
650 _aFISICA
942 _cBK
957 _71
999 _a30785
_bSI
_g Copie: 1
_c285111
_d285111